[Event "Poznan"]
[Site "Poznan"]
[Date "1984.??.??"]
[Round "1"]
[White "Thipsay, Praveen Mahadeo"]
[Black "Szymczak, Zbigniew"]
[Result "1/2-1/2"]
[WhiteElo "2445"]
[BlackElo "2335"]

1.e4 e5 2.Nf3 Nc6 3.Bb5 a6 4.Ba4 Nf6 5.O-O Be7 6.Re1 b5 7.Bb3 d6 8.c3 O-O
9.h3 Bb7 10.d4 Re8 11.a4 Bf8 12.d5 Nb8 13.axb5 axb5 14.Rxa8 Bxa8 15.Na3 c6
16.Bg5 Nbd7 17.Nc2 h6 18.Bxf6 Nxf6 19.dxc6 Bxc6 20.Nb4 Qa8 21.Nxc6 Qxc6 22.Qd3 b4
23.cxb4 Rb8 24.Bc4 Rxb4 25.b3 g6 26.Nd2 Be7 27.Nb1 Kg7 28.Nc3 Rb8 29.Nd5 Nxd5
30.Bxd5 Qc5 31.Qf3 Rf8 32.g3 Bd8 33.Qe3 Bb6 34.Qxc5 Bxc5 35.Kg2 f5 36.exf5 gxf5
37.Ra1 e4 38.Rb1 Rb8 39.g4 fxg4 40.hxg4 Rf8 41.Bxe4  1/2-1/2

[Event "Reykjavik"]
[Site "Reykjavik"]
[Date "1984.??.??"]
[Round "?"]
[White "De Firmian, Nick E"]
[Black "Hjartarson, Johann"]
[Result "0-1"]
[WhiteElo "2515"]
[BlackElo "2415"]

1.e4 e5 2.Nf3 Nc6 3.Bb5 a6 4.Ba4 Nf6 5.O-O Be7 6.Re1 b5 7.Bb3 d6 8.c3 O-O
9.h3 Bb7 10.d4 Re8 11.a4 h6 12.Nbd2 Bf8 13.Bc2 exd4 14.cxd4 Nb4 15.Bb1 c5
16.d5 g6 17.a5 Bg7 18.Nf1 Nd7 19.Ng3 Rc8 20.Qb3 Qf6 21.Nf1 Ne5 22.Nxe5 Qxe5
23.Rd1 Rc7 24.f4 Qf6 25.Ra3 h5 26.Qg3 c4 27.f5 Nd3 28.Bxd3 cxd3 29.Raxd3 Rxe4
30.fxg6 h4 31.Qf3 Qxg6 32.Ne3 Bc8 33.b3 f5 34.Nf1 b4 35.Bd2 Bd7 36.Be3 Bb5
37.Bb6 Rc2 38.R3d2 Be2 39.Qf2 Bxd1 40.Rxc2 Bxc2 41.Qxc2 Qf7 42.Qd3 Bd4+ 43.Kh1 Qxd5
44.Qxa6 Qc6 45.Qd3 Bxb6 46.axb6 Qxb6 47.Qd5+ Kg7 48.Qxf5 Qd4 49.Qg5+ Kf7
50.Qh5+ Ke7 51.Qh7+ Kd8 52.Qg8+ Kc7 53.Qf7+ Kc6 54.Qf8 Rf4 55.Qc8+ Kd5 56.Qa8+ Ke5
57.Qe8+ Kf6 58.Ne3 Qa1+ 59.Kh2 Qe5 60.Qf8+ Kg6 61.Qg8+ Kh6 62.Kh1 Qxe3 63.Qh8+ Kg6
64.Qg8+ Kf5 65.Qf7+ Ke5 66.Qe7+ Kd4 67.Qxd6+ Kc3 68.Qd1 Kb2 69.Kh2 Re4  0-1

[Event "BUL-ch"]
[Site "Sofia"]
[Date "1984.??.??"]
[Round "?"]
[White "Georgiev, Krum"]
[Black "Radev, Nikolai"]
[Result "1-0"]
[WhiteElo "2455"]
[BlackElo "2325"]

1.e4 e5 2.Nf3 Nc6 3.Bb5 a6 4.Ba4 Nf6 5.O-O Be7 6.Re1 b5 7.Bb3 d6 8.c3 O-O
9.h3 Bb7 10.d4 Re8 11.Nbd2 Bf8 12.Bc2 h6 13.d5 Nb8 14.b3 c6 15.c4 Qc7 16.Nf1 Nbd7
17.Ne3 Rec8 18.Nd2 a5 19.Bb2 bxc4 20.bxc4 Rab8 21.Rc1 Ba6 22.Ba3 cxd5 23.cxd5 Qc3
24.Bb3 Qd3 25.Rc6 a4 26.Bc4 Qxa3 27.Bxa6 Rd8 28.Nec4 Qxa2 29.Re3 Rb3 30.Nxb3 axb3
31.Rxb3 Qa4 32.Qb1  1-0

[Event "Vrnjacka Banja"]
[Site "Vrnjacka Banja"]
[Date "1984.??.??"]
[Round "?"]
[White "Matulovic, Milan"]
[Black "Hazai, Laszlo"]
[Result "1/2-1/2"]
[WhiteElo "2465"]
[BlackElo "2460"]

1.e4 e5 2.Nf3 Nc6 3.Bb5 a6 4.Ba4 Nf6 5.O-O Be7 6.Re1 b5 7.Bb3 d6 8.c3 O-O
9.h3 Bb7 10.d3 Na5 11.Bc2 c5 12.Nbd2 Re8 13.Nf1 Bf8 14.Ng3 g6 15.d4 cxd4
16.cxd4 exd4 17.Nxd4 Bg7 18.Bd2 Nc4 19.Bc3  1/2-1/2

[Event "URS-ch sf"]
[Site "Aktjubinsk"]
[Date "1985.??.??"]
[Round "?"]
[White "Kozlov, Vladimir N"]
[Black "Gofshtein, Leonid D"]
[Result "1-0"]
[WhiteElo "2415"]
[BlackElo "2395"]

1.e4 e5 2.Nf3 Nc6 3.Bb5 a6 4.Ba4 Nf6 5.O-O Be7 6.Re1 b5 7.Bb3 d6 8.c3 O-O
9.h3 Bb7 10.d4 Re8 11.Nbd2 Bf8 12.a4 h6 13.Bc2 exd4 14.cxd4 Nb4 15.Bb1 c5
16.d5 Nd7 17.Ra3 g6 18.h4 Nf6 19.Nf1 Qd7 20.Ng3 Qg4 21.Bd2 bxa4 22.Qc1 h5
23.Nh2 Qd7 24.f4 a5 25.f5 Ba6 26.Rf3 Bg7 27.Bc3 Rf8 28.fxg6 fxg6 29.Qg5 Nh7
30.Qxg6 Rxf3 31.Nxf3 Qg4 32.Qxd6 Bxc3 33.bxc3 Nd3 34.Bxd3 Bxd3 35.Nf5  1-0

[Event "Albena"]
[Site "Albena"]
[Date "1985.??.??"]
[Round "?"]
[White "Georgiev, Krum"]
[Black "Lukacs, Peter"]
[Result "1/2-1/2"]
[WhiteElo "2440"]
[BlackElo "2455"]

1.e4 e5 2.Nf3 Nc6 3.Bb5 a6 4.Ba4 Nf6 5.O-O Be7 6.Re1 b5 7.Bb3 d6 8.c3 O-O
9.h3 Bb7 10.d4 Re8 11.Nbd2 Bf8 12.Bc2 g6 13.d5 Nb8 14.b3 c6 15.c4 a5 16.Bd3 bxc4
17.bxc4 Na6 18.Rb1 Nc5 19.Bc2 Ba6 20.Ba3 cxd5 21.cxd5 Qc7 22.Rc1 Rec8 23.Ba4 Qa7  1/2-1/2

[Event "Albena"]
[Site "Albena"]
[Date "1985.??.??"]
[Round "?"]
[White "Ermenkov, Evgenij"]
[Black "Lukacs, Peter"]
[Result "1-0"]
[WhiteElo "2500"]
[BlackElo "2465"]

1.e4 e5 2.Nf3 Nc6 3.Bb5 a6 4.Ba4 Nf6 5.O-O Be7 6.Re1 b5 7.Bb3 d6 8.c3 O-O
9.h3 Bb7 10.d4 Re8 11.Nbd2 Bf8 12.d5 Ne7 13.c4 c6 14.Bc2 bxc4 15.dxc6 Nxc6
16.Nxc4 h6 17.Bd2 Rc8 18.Rc1 Nd4 19.Ba4 Nxf3+ 20.Qxf3 Re6 21.Ba5 Qe7 22.Nd2 Rc5
23.Rxc5 dxc5 24.Nc4 Nh7 25.Qd3 Qh4 26.Bd7 Rg6 27.Bf5 Rg5 28.Nxe5  1-0

[Event "Baden-Baden"]
[Site "Baden-Baden"]
[Date "1985.??.??"]
[Round "5"]
[White "Kindermann, Stefan"]
[Black "Smejkal, Jan"]
[Result "1-0"]
[WhiteElo "2480"]
[BlackElo "2565"]

1.e4 e5 2.Nf3 Nc6 3.Bb5 a6 4.Ba4 Nf6 5.O-O Be7 6.Re1 b5 7.Bb3 d6 8.c3 O-O
9.h3 Bb7 10.d4 Re8 11.Nbd2 Bf8 12.d5 Na5 13.Bc2 c6 14.b4 Nc4 15.Nxc4 bxc4
16.dxc6 Bxc6 17.Bg5 h6 18.Bxf6 Qxf6 19.Nh2 a5 20.Ng4 Qe6 21.a4 Be7 22.Qe2 Bg5
23.Ne3 Bxe3 24.Qxe3 d5 25.b5 Bb7 26.Rad1 Rad8 27.Qa7 Rd7 28.exd5 Bxd5 29.Qxa5 f5
30.Qb4 Kh8 31.Qc5 e4 32.Qe3 Rf8 33.f4 Ra8 34.Rd2 Qe7 35.Red1 Be6 36.Rxd7 Bxd7
37.Qd4 Be6 38.Qe5 Qa7+ 39.Qd4 Qa5 40.b6 Qa6 41.Rb1  1-0

[Event "Baden-Baden"]
[Site "Baden-Baden"]
[Date "1985.??.??"]
[Round "9"]
[White "Geller, Efim P"]
[Black "Smejkal, Jan"]
[Result "1/2-1/2"]
[WhiteElo "2520"]
[BlackElo "2565"]

1.e4 e5 2.Nf3 Nc6 3.Bb5 a6 4.Ba4 Nf6 5.O-O Be7 6.Re1 b5 7.Bb3 d6 8.c3 O-O
9.h3 Bb7 10.d4 Re8 11.Nbd2 Bf8 12.a4 Qd7 13.d5 Ne7 14.Nf1 h6 15.Ng3 c6 16.dxc6 Nxc6
17.Nh2 Na5 18.Bc2  1/2-1/2

[Event "Borgarnes"]
[Site "Borgarnes"]
[Date "1985.??.??"]
[Round "8"]
[White "Sigurjonsson, Gudmundur"]
[Black "Mokry, Karel"]
[Result "1/2-1/2"]
[WhiteElo "2485"]
[BlackElo "2490"]

1.e4 e5 2.Nf3 Nc6 3.Bb5 a6 4.Ba4 Nf6 5.O-O Be7 6.Re1 b5 7.Bb3 d6 8.c3 O-O
9.h3 Bb7 10.d4 Re8 11.Nbd2 Bf8 12.a3 h6 13.Bc2 Nb8 14.b4 Nbd7 15.Bb2 c5 16.bxc5 exd4
17.cxd6 d3 18.Bxd3 Nc5 19.Bc2 Nfxe4 20.Nxe4 Nxe4 21.a4 Qxd6  1/2-1/2

[Event "Budapest Elekes"]
[Site "Budapest"]
[Date "1985.??.??"]
[Round "?"]
[White "Kindermann, Stefan"]
[Black "Lengyel, Levente"]
[Result "1/2-1/2"]
[WhiteElo "2490"]
[BlackElo "2395"]

1.e4 e5 2.Nf3 Nc6 3.Bb5 a6 4.Ba4 Nf6 5.O-O Be7 6.Re1 b5 7.Bb3 d6 8.c3 O-O
9.h3 Bb7 10.d4 Re8 11.a4 h6 12.Nbd2 Bf8 13.Bc2 exd4 14.cxd4 Nb4 15.Bb1 c5
16.d5 Nd7 17.Nf1 f5 18.exf5 Nf6 19.Rxe8 Qxe8 20.Ne3 Nbxd5 21.Ng4 Nxg4 22.hxg4 Nf6
23.Nh4 Qe5 24.Ng6 Qd5 25.Qxd5+ Bxd5 26.Bf4 Nxg4 27.axb5 Re8 28.Bd3 c4 29.Bf1 axb5
30.Ra6 Bf7 31.Nxf8 Rxf8 32.Bxd6 Rd8 33.Be2 Nf6 34.f3 Nd5 35.Kf2 c3 36.bxc3 Nxc3
37.Bf1 Bc4 38.Bxc4+ bxc4 39.Rc6 Nd5 40.Ke2 Rd7 41.f4 Ne7 42.Bxe7 Rxe7+ 43.Kf3 Ra7
44.Rxc4 Kf7 45.Rc3 Ra6 46.g4 Kf6 47.Rc7 Ra3+ 48.Kg2 Rb3 49.Rc6+ Kf7 50.g5 hxg5
51.fxg5 Ra3 52.g6+ Ke7 53.Rc7+ Kf6 54.Rf7+ Kg5 55.f6 Kxg6  1/2-1/2

[Event "ARG-ch"]
[Site "Buenos Aires"]
[Date "1985.??.??"]
[Round "2"]
[White "Grinberg, Ricardo"]
[Black "Rubinetti, Jorge A"]
[Result "0-1"]
[WhiteElo "2370"]
[BlackElo "2440"]

1.e4 e5 2.Nf3 Nc6 3.Bb5 a6 4.Ba4 Nf6 5.O-O Be7 6.Re1 b5 7.Bb3 d6 8.c3 O-O
9.h3 Bb7 10.d4 Re8 11.Nbd2 Bf8 12.Bc2 Nb8 13.a4 Nbd7 14.b4 d5 15.dxe5 Nxe4
16.Nxe4 dxe4 17.Bxe4 Bxe4 18.Rxe4 Nxe5 19.Rd4 Nxf3+ 20.Qxf3 Re1+ 21.Kh2 Qb8
22.axb5 Rxc1 23.Rxc1 c5+ 24.Rf4 g5 25.g3 gxf4 26.gxf4 axb5 27.Rg1+ Bg7 28.Qg3 Qf8
29.f5 Kh8 30.bxc5 Ra3 31.Qc7 Bxc3 32.Rd1 Ra8 33.Rd3 Rc8 34.Qd7 Qxc5  0-1

[Event "ARG-ch"]
[Site "Buenos Aires"]
[Date "1985.??.??"]
[Round "14"]
[White "Mahia, Gustavo"]
[Black "Rubinetti, Jorge A"]
[Result "1-0"]
[WhiteElo "2305"]
[BlackElo "2440"]

1.e4 e5 2.Nf3 Nc6 3.Bb5 a6 4.Ba4 Nf6 5.O-O Be7 6.Re1 b5 7.Bb3 d6 8.c3 O-O
9.h3 Bb7 10.d4 Re8 11.Nbd2 Bf8 12.Bc2 Nb8 13.a4 Nbd7 14.b4 Nb6 15.a5 Nbd7
16.Bb2 Rb8 17.Rb1 Ba8 18.Ba1 g6 19.d5 c6 20.c4 cxd5 21.cxd5 Nh5 22.g3 Bb7
23.Bd3 Bg7 24.Bf1 Rf8 25.Bg2 Rc8 26.Bb2 Bh6 27.Rc1 Rxc1 28.Bxc1 Qc7 29.Nb3 Bxc1
30.Qxc1 Qxc1 31.Rxc1 Rc8 32.Rxc8+ Bxc8 33.Nc1 f5 34.exf5 gxf5 35.Ne2 Ndf6
36.Nc3 Ng7 37.Ng5 Kf8 38.f4 e4 39.g4 h6 40.gxf5 hxg5 41.fxg5 Nfh5 42.f6 Nf5
43.Bxe4 Nf4 44.Kh2 Kf7 45.h4 Nxh4 46.Kg3 Nfg6 47.Bxg6+ Nxg6 48.Ne4 Kf8 49.Nxd6 Bd7
50.Nb7 Ne5 51.Nc5 Bc8 52.d6 Ke8 53.Kf4 Ng6+ 54.Ke4 Nf8 55.Kd5 Ng6 56.Kc6 Kd8
57.Nb7+ Ke8 58.Kc7 Bf5 59.Nc5 Ne5 60.Nxa6 Nd3 61.g6 Nf4 62.d7+ Bxd7 63.f7+ Ke7
64.f8=Q+ Kxf8 65.Kxd7 Nxg6 66.Nc5  1-0

[Event "Copenhagen"]
[Site "Copenhagen"]
[Date "1985.??.??"]
[Round "3"]
[White "Mortensen, Erling"]
[Black "Hjartarson, Johann"]
[Result "1/2-1/2"]
[WhiteElo "2460"]
[BlackElo "2530"]

1.e4 e5 2.Nf3 Nc6 3.Bb5 a6 4.Ba4 Nf6 5.O-O Be7 6.Re1 b5 7.Bb3 d6 8.c3 O-O
9.h3 Bb7 10.d4 Re8 11.Nbd2 Bf8 12.a3 h6 13.Ba2 Nb8 14.b4 exd4 15.cxd4 Nxe4
16.Qb3 Qf6 17.Qc2 Nxd2 18.Rxe8 Nxf3+ 19.gxf3 Nc6 20.Rxa8 Nxd4 21.Rxf8+ Kxf8
22.Qxc7 Nxf3+ 23.Kh1 Be4 24.Qb8+ Ke7 25.Qc7+ Kf8 26.Bb1 Bd5 27.Qc8+ Ke7 28.Qc7+ Kf8
29.Qc8+ Ke7 30.Qc7+  1/2-1/2

[Event "Frunze"]
[Site "Frunze"]
[Date "1985.??.??"]
[Round "1"]
[White "Yurtaev, Leonid"]
[Black "Sturua, Zurab"]
[Result "1-0"]
[WhiteElo "2435"]
[BlackElo "2420"]

1.e4 e5 2.Nf3 Nc6 3.Bb5 a6 4.Ba4 Nf6 5.O-O Be7 6.Re1 b5 7.Bb3 O-O 8.c3 d6
9.h3 Bb7 10.d4 Re8 11.Nbd2 Bf8 12.a3 h6 13.Ba2 Qd7 14.Qc2 Nd8 15.b4 exd4
16.cxd4 a5 17.bxa5 Rxa5 18.d5 Ra8 19.Bb2 Be7 20.Nd4 Nh7 21.Nf5 Bf6 22.Re3 Be5
23.Nf3 Bxb2 24.Qxb2 f6 25.N3d4 Nf7 26.Rg3 g5 27.Re3 Re5 28.Rc1 Kh8 29.Qxb5 Qc8
30.Qe2 Ba6 31.Qh5 Qd7 32.Ne6 Rc8 33.Rec3  1-0

[Event "Gausdal zt"]
[Site "Gausdal"]
[Date "1985.??.??"]
[Round "?"]
[White "Olafsson, Helgi"]
[Black "Hjartarson, Johann"]
[Result "1/2-1/2"]
[WhiteElo "2515"]
[BlackElo "2530"]

1.e4 e5 2.Nf3 Nc6 3.Bb5 a6 4.Ba4 Nf6 5.O-O Be7 6.Re1 b5 7.Bb3 d6 8.c3 O-O
9.h3 Bb7 10.d4 Re8 11.a4 h6 12.Nbd2 Bf8 13.Bc2 Nb8 14.Bd3 c6 15.Nf1 Nbd7
16.Ng3 g6 17.Be3 Rc8 18.Qd2 h5 19.Bg5 Be7 20.Re2 Nh7 21.Bh6 Bf8  1/2-1/2

[Event "Havana-B"]
[Site "Havana"]
[Date "1985.??.??"]
[Round "10"]
[White "Diaz, Joaquin C"]
[Black "Frey, Kenneth"]
[Result "1/2-1/2"]
[WhiteElo "2410"]
[BlackElo "2410"]

1.e4 e5 2.Nf3 Nc6 3.Bb5 a6 4.Ba4 Nf6 5.O-O Be7 6.Re1 b5 7.Bb3 d6 8.c3 O-O
9.h3 Bb7 10.d4 Re8 11.dxe5 Nxe5 12.Nxe5 dxe5 13.Qf3 c5 14.Nd2 c4 15.Bc2 Nd7
16.b3 Qc7 17.bxc4 bxc4 18.Rb1 Nb6 19.Nf1 Bc5 20.Be3 Rad8 21.Bxc5 Qxc5 22.Qe3 Qxe3
23.Nxe3 Re6 24.Nxc4 Nxc4 25.Rxb7 g6 26.Rc7 Nd2 27.Re2 Rb6 28.f3 Rb2 29.Bb3 Rb1+
30.Kf2 Nxb3 31.axb3 Rxb3 32.Rc5 Rb5 33.Rxb5 axb5 34.Ke3 Rc8 35.Kd3 h5 36.Rb2 Rc5
37.Kc2 Kg7 38.Kb3 f5 39.Kc2 h4 40.Kd3 Kf6 41.Ra2 Rc6 42.Rb2 Rc5 43.Ra2  1/2-1/2

[Event "URS-FL"]
[Site "Kharkov"]
[Date "1985.??.??"]
[Round "?"]
[White "Dvoirys, Semen I"]
[Black "Lerner, Konstantin Z"]
[Result "1-0"]
[WhiteElo "2445"]
[BlackElo "2510"]

1.e4 e5 2.Nf3 Nc6 3.Bb5 a6 4.Ba4 Nf6 5.O-O Be7 6.Re1 b5 7.Bb3 d6 8.c3 O-O
9.h3 Bb7 10.d4 Re8 11.a4 h6 12.Nbd2 Bf8 13.Bc2 exd4 14.cxd4 Nb4 15.Bb1 Qd7
16.Ra3 bxa4 17.Rxa4 a5 18.Ra3 Qb5 19.Nh2 g6 20.Ng4 Nxg4 21.Qxg4 Bg7 22.Nf3 c5
23.Qh4 h5 24.d5 c4 25.Rd1 Nd3 26.Bxd3 cxd3 27.Raxd3 Rac8 28.Qf4 Ba6 29.Re3 Qb6
30.e5 Rc4 31.exd6 Rd8 32.Qg3 Rcc8 33.Ree1 Rxd6 34.Bf4 Rdd8 35.d6 Rd7 36.Be5 Bxe5
37.Qxe5 Bb7 38.Ng5 Qc5 39.Nxf7 Qc6 40.Qh8+ Kxf7 41.Re7+ Rxe7 42.Qh7+ Kf6
43.Qxe7+ Kf5  1-0

[Event "URS-ch sf"]
[Site "Kostroma"]
[Date "1985.??.??"]
[Round "13"]
[White "Aseev, Konstantin N"]
[Black "Ivanov, Alexander"]
[Result "1/2-1/2"]
[WhiteElo "2455"]
[BlackElo "2400"]

1.e4 e5 2.Nf3 Nc6 3.Bb5 a6 4.Ba4 Nf6 5.O-O Be7 6.Re1 b5 7.Bb3 d6 8.c3 O-O
9.h3 Bb7 10.d4 Re8 11.a4 h6 12.Nbd2 exd4 13.cxd4 Nb4 14.Qe2 Bf8 15.e5 dxe5
16.dxe5 Qd3 17.Qxd3 Nxd3 18.Re3 Nxc1 19.Rxc1 Nd5 20.Bxd5 Bxd5 21.axb5 axb5
22.Rxc7 Ra1+ 23.Kh2 Ra2 24.Rc2 b4 25.Rd3 b3 26.Rcc3 Bxf3 27.Nxf3 Rxb2 28.Kg3 Rb8
29.Nd4 Rxf2  1/2-1/2

[Event "Portoroz/Ljubljana"]
[Site "Ljubljana"]
[Date "1985.??.??"]
[Round "5"]
[White "Smyslov, Vassily"]
[Black "Gligoric, Svetozar"]
[Result "1/2-1/2"]
[WhiteElo "2600"]
[BlackElo "2520"]

1.e4 e5 2.Nf3 Nc6 3.Bb5 a6 4.Ba4 Nf6 5.O-O Be7 6.Re1 b5 7.Bb3 d6 8.c3 O-O
9.h3 Bb7 10.d4 Re8 11.Nbd2 Bf8 12.Bc2 g6 13.a3 Bg7 14.Nb3 a5 15.d5 a4 16.dxc6 axb3
17.cxb7 bxc2 18.Qd3 Rb8 19.Qxb5 d5 20.exd5 Qxd5 21.Qxd5 Nxd5 22.Re2 Rxb7
23.Rxc2 e4 24.Nd4 c5 25.Ne2 f5 26.Nf4 Nb6 27.a4 Nc4 28.a5 Ne5 29.Be3 Bf8
30.a6 Rd7 31.b4 cxb4 32.cxb4 Bxb4 33.a7 Ra8 34.Rb2 Bd6 35.Nd5 Kf7 36.Rab1 Nc4
37.Nb6 Nxb6 38.Rxb6 f4 39.Rxd6 Rxd6 40.Rb7+ Ke6 41.Bxf4 Ra6 42.Bb8 h5 43.h4 Ra3
44.Kh2 Kf6  1/2-1/2

[Event "Lugano op"]
[Site "Lugano"]
[Date "1985.??.??"]
[Round "3"]
[White "Steinbacher, Matthias"]
[Black "Durao, Joaquim"]
[Result "0-1"]
[WhiteElo "2305"]
[BlackElo "2250"]

1.e4 e5 2.Nf3 Nc6 3.Bb5 a6 4.Ba4 Nf6 5.O-O Be7 6.Re1 b5 7.Bb3 d6 8.c3 O-O
9.h3 Bb7 10.d4 Re8 11.a4 h6 12.Nbd2 Bf8 13.Bc2 g6 14.d5 Ne7 15.b3 Bg7 16.c4 c6
17.Ba3 Qc7 18.Nxe5 b4 19.Bxb4 c5 20.Nxf7 cxb4 21.Nxd6 Qxd6 22.e5 Qb6 23.a5 Qd4
24.exf6 Qxf6 25.Ra4 Nf5 26.Rxb4 Qf7 27.Rxe8+ Rxe8 28.Ne4 Bc8 29.c5 Rd8 30.d6 Bb7
31.Bd3 Kh7 32.Bc4 Qe8 33.Bd5 Bxd5 34.Qxd5 Ne7 35.Qb7 Rd7 36.Qxa6 Nd5 37.Rc4 Qe5
38.Qc6 Rf7 39.d7 Qa1+ 40.Kh2 Be5+  0-1

[Event "Lugano op"]
[Site "Lugano"]
[Date "1985.??.??"]
[Round "6"]
[White "Sokolov, Andrei"]
[Black "Deak, Sandor"]
[Result "1-0"]
[WhiteElo "2550"]
[BlackElo "2275"]

1.e4 e5 2.Nf3 Nc6 3.Bb5 a6 4.Ba4 Nf6 5.O-O Be7 6.Re1 b5 7.Bb3 d6 8.c3 O-O
9.h3 Bb7 10.d4 Re8 11.Nbd2 h6 12.Bc2 Bf8 13.a4 Qd7 14.d5 Ne7 15.c4 c6 16.b3 b4
17.Nf1 g6 18.Be3 Kh7 19.Ng3 Bg7 20.Qd2 c5 21.Nh2 h5 22.Nf3 Neg8 23.Re2 Bc8
24.Rf1 Qe7 25.Ng5+ Kh8 26.f4 Nd7 27.Nxf7+ Qxf7 28.fxe5 Qe7 29.e6 Bc3 30.Qd1 Ne5
31.Ref2 Ra7 32.Nxh5 Qh4 33.Nf4 Rh7 34.Qc1 g5 35.Ne2 g4 36.Bg5 Qh5 37.h4 Rg7
38.Nxc3 Rxg5 39.Qxg5 Qxg5 40.hxg5 bxc3  1-0

[Event "URS-ch U26"]
[Site "Lvov"]
[Date "1985.??.??"]
[Round "?"]
[White "Kruppa, Yuri"]
[Black "Aseev, Konstantin N"]
[Result "1-0"]
[WhiteElo "2460"]
[BlackElo "2455"]

1.e4 e5 2.Nf3 Nc6 3.Bb5 a6 4.Ba4 Nf6 5.O-O Be7 6.Re1 b5 7.Bb3 d6 8.c3 O-O
9.h3 Bb7 10.d4 Re8 11.a4 h6 12.Nbd2 Bf8 13.Bc2 Nb8 14.b4 Nbd7 15.Bb2 exd4
16.cxd4 bxa4 17.d5 c6 18.Bxa4 cxd5 19.Bxf6 Nxf6 20.Bxe8 Qxe8 21.exd5 Qb5
22.Ne4 Nxd5 23.Ra5 Qc4 24.b5 Nf4 25.Ra4 Qe6 26.Qd2 Qf5 27.Nh4 Nxh3+ 28.gxh3 Qxh3
29.Ng2 axb5 30.Rxa8 Bxa8 31.Qa5 Bc6 32.Qc7 Bd5 33.Re3 Qh5 34.Nc3 Bf3 35.Qc8 b4
36.Ne2 b3 37.Nef4 b2 38.Rb3 Qa5 39.Rb8 b1=Q+ 40.Rxb1 d5 41.Rb8 Qa1+ 42.Kh2 Qa3
43.Qd8 Be4 44.Nxd5 Qc5 45.Qxf8+  1-0

[Event "URS-chI"]
[Site "Minsk"]
[Date "1985.??.??"]
[Round "3"]
[White "Tseshkovsky, Vitaly"]
[Black "Razuvaev, Yuri S"]
[Result "1-0"]
[WhiteElo "2465"]
[BlackElo "2520"]

1.e4 e5 2.Nf3 Nc6 3.Bb5 a6 4.Ba4 Nf6 5.O-O Be7 6.Re1 b5 7.Bb3 O-O 8.c3 d6
9.h3 Bb7 10.d4 Re8 11.Nbd2 Bf8 12.Bc2 Nb8 13.a4 Nbd7 14.Bd3 c6 15.Nf1 g6
16.Ng3 Bg7 17.Bd2 Qc7 18.Qc1 Nf8 19.dxe5 dxe5 20.c4 bxc4 21.Bxc4 Ne6 22.b4 Nd7
23.Ra2 Rac8 24.Qb1 Rb8 25.Rc2 Bf8 26.Qa2 h6 27.Rec1 Qd6 28.h4 Bg7 29.h5 Kh7
30.Bxa6 c5 31.Bb5 Rec8 32.bxc5 Ndxc5 33.Bb4 Qb6 34.Bxc5 Nxc5 35.Qxf7  1-0

[Event "URS-chI"]
[Site "Minsk"]
[Date "1985.??.??"]
[Round "8"]
[White "Tseshkovsky, Vitaly"]
[Black "Smagin, Sergey"]
[Result "1/2-1/2"]
[WhiteElo "2465"]
[BlackElo "2485"]

1.e4 e5 2.Nf3 Nc6 3.Bb5 a6 4.Ba4 Nf6 5.O-O Be7 6.Re1 b5 7.Bb3 d6 8.c3 O-O
9.h3 Bb7 10.d4 Re8 11.Nbd2 Bf8 12.a3 h6 13.Bc2 Nb8 14.b4 Nbd7 15.Bb2 c5 16.bxc5 dxc5
17.dxe5 Nh5 18.c4 Nf4 19.a4 Bc6 20.Nf1 Nb6 21.Qxd8 Raxd8 22.axb5 axb5 23.Bc1 Ng6
24.cxb5 Bxb5 25.Rb1 Ba4 26.Rxb6 Bxc2 27.Bb2 Nf4 28.Ng3 Bd1 29.Nd4 Ba4 30.Ndf5 Rb8
31.Rxb8 Rxb8 32.Bc3 Rb3 33.Bd2 Nd3 34.Ra1 Bc6 35.e6 fxe6 36.Ne3 Bb5 37.Ra8 Rb1+
38.Ngf1 Bc6 39.Rd8 Bxe4 40.f3 Bg6 41.Nc4 Kf7 42.Ra8 e5 43.Be3 Bf5 44.Ra7+ Kg8
45.Ra8 Be6 46.Nd2 Rb7 47.Ng3 c4 48.Nge4 Kf7 49.h4 Bb4 50.Nb1 Bf5 51.Nbc3 Bxe4
52.Nxe4 Rc7 53.Kf1 c3 54.Ke2 Nf4+ 55.Bxf4 exf4 56.Kd1 Be7 57.h5 Bf6 58.Kc2 Rc6
59.Ra5 Rb6 60.Nxf6 Kxf6 61.Kxc3 Rd6 62.Kc2 g6 63.hxg6 Kxg6 64.Ra8 h5 65.Rg8+ Kf6
66.Kc3 Rd5 67.Kc4 Rg5 68.Rf8+  1/2-1/2

[Event "Moscow-B"]
[Site "Moscow"]
[Date "1985.??.??"]
[Round "?"]
[White "Watson, William N"]
[Black "Briffel, Francisco"]
[Result "1-0"]
[WhiteElo "2460"]
[BlackElo "2200"]

1.e4 e5 2.Nf3 Nc6 3.Bb5 a6 4.Ba4 Nf6 5.O-O Be7 6.Re1 b5 7.Bb3 d6 8.c3 O-O
9.h3 Bb7 10.d4 h6 11.a4 Re8 12.d5 Na5 13.Ba2 c6 14.Na3 cxd5 15.exd5 bxa4
16.Qxa4 Bc8 17.b4 Nb7 18.Qc6 Ra7 19.Be3 Bd7 20.Qc4 Ra8 21.Qb3 Qc8 22.Nc4 Bd8
23.Nb6 Bxb6 24.Bxb6 Bf5 25.Bb1 Bxb1 26.Rexb1 Qf5 27.c4 g5 28.Nh2 Rec8 29.Rc1 Qe4
30.Nf1 Kh8 31.Be3 Nh5 32.Nd2 Qg6 33.c5 Nf4 34.Bxf4 gxf4 35.c6 Nd8 36.b5 Ne6
37.dxe6 Rg8 38.Qf3 f5 39.Re1 e4 40.Nxe4 fxe4 41.Qxe4 Qh5 42.Qd4+ Kh7 43.Qxf4 Qxb5
44.Qxd6 Rg7 45.Rab1 Qa5 46.Qe5  1-0

[Event "Prague zt"]
[Site "Prague"]
[Date "1985.??.??"]
[Round "7"]
[White "Grigorov, Jordan N"]
[Black "Donchev, Dimitar I"]
[Result "1/2-1/2"]
[WhiteElo "2435"]
[BlackElo "2450"]

1.e4 e5 2.Nf3 Nc6 3.Bb5 a6 4.Ba4 Nf6 5.O-O Be7 6.Re1 b5 7.Bb3 d6 8.c3 O-O
9.h3 Bb7 10.d4 Re8 11.Nbd2 Bf8 12.a4 Na5 13.Bc2 exd4 14.cxd4 c5  1/2-1/2

[Event "Prague zt"]
[Site "Prague"]
[Date "1985.??.??"]
[Round "12"]
[White "Mokry, Karel"]
[Black "Jansa, Vlastimil"]
[Result "1/2-1/2"]
[WhiteElo "2490"]
[BlackElo "2465"]

1.e4 e5 2.Nf3 Nc6 3.Bb5 a6 4.Ba4 Nf6 5.O-O Be7 6.Re1 b5 7.Bb3 O-O 8.c3 d6
9.h3 Bb7 10.d4 Re8 11.Nbd2 Bf8 12.Bc2 Nb8 13.b3  1/2-1/2

[Event "Reggio Emilia8586"]
[Site "Reggio Emilia"]
[Date "1985.??.??"]
[Round "3"]
[White "Marjanovic, Slavoljub"]
[Black "Smejkal, Jan"]
[Result "1/2-1/2"]
[WhiteElo "2505"]
[BlackElo "2555"]

1.e4 e5 2.Nf3 Nc6 3.Bb5 a6 4.Ba4 Nf6 5.O-O Be7 6.Re1 b5 7.Bb3 d6 8.c3 O-O
9.h3 Bb7 10.d4 Re8 11.a4 h6 12.Nbd2 Bf8 13.d5 Na7 14.c4 c6 15.dxc6 Bxc6 16.Bc2 Qc7
17.b3 Rab8 18.axb5  1/2-1/2

[Event "Tallinn"]
[Site "Tallinn"]
[Date "1985.??.??"]
[Round "?"]
[White "Veingold, Aleksandr"]
[Black "Gavrikov, Viktor"]
[Result "1/2-1/2"]
[WhiteElo "2435"]
[BlackElo "2550"]

1.e4 e5 2.Nf3 Nc6 3.Bb5 a6 4.Ba4 Nf6 5.O-O Be7 6.Re1 b5 7.Bb3 O-O 8.c3 d6
9.h3 Bb7 10.d4 Re8 11.Ng5 Rf8 12.Nf3 Re8 13.Ng5 Rf8 14.a4 h6 15.Nf3 Re8 16.Nbd2 exd4
17.cxd4 Nb4 18.Qe2 Qd7 19.e5 Nfd5 20.Ne4  1/2-1/2

[Event "Vestmannaeyjum"]
[Site "Vestmannaeyjum"]
[Date "1985.??.??"]
[Round "1"]
[White "Thorsteins, Karl"]
[Black "Hjartarson, Johann"]
[Result "0-1"]
[WhiteElo "2400"]
[BlackElo "2530"]

1.e4 e5 2.Nf3 Nc6 3.Bb5 a6 4.Ba4 Nf6 5.O-O Be7 6.Re1 b5 7.Bb3 d6 8.c3 O-O
9.h3 Bb7 10.d4 Re8 11.Nbd2 Bf8 12.Bc2 Nb8 13.a4 Nbd7 14.b4 Nb6 15.a5 Nbd7
16.Bb2 Rb8 17.Rb1 Ba8 18.Ba1 g6 19.c4 bxc4 20.dxe5 Nxe5 21.Nxe5 dxe5 22.Bc3 c5
23.bxc5 Rxb1 24.Qxb1 Bxc5 25.Nxc4 Qc7 26.Bb3 Bd4 27.Bxd4 exd4 28.Qd3 Qc5
29.f3 Nd5 30.Qd2 Nc3 31.Qf4 Bd5 32.Nd6 d3+ 33.Kh1 Qc7 34.Qd2 Qxd6 35.Qxc3 Bxb3
36.Qxb3 d2 37.Rd1 Qd4 38.Kh2 Rc8 39.Qa2 Qd6+ 40.g3 Rd8 41.Qc4 Qa3 42.Kg2 Qxa5
43.Kf2 Qb6+ 44.Ke2 Qd6 45.f4 h5 46.Kf3 Qa3+ 47.Kf2 h4  0-1

[Event "Vestmannaeyjum"]
[Site "Vestmannaeyjum"]
[Date "1985.??.??"]
[Round "2"]
[White "Arnason, Jon L"]
[Black "Thorsteins, Karl"]
[Result "0-1"]
[WhiteElo "2495"]
[BlackElo "2400"]

1.e4 e5 2.Nf3 Nc6 3.Bb5 a6 4.Ba4 Nf6 5.O-O Be7 6.Re1 b5 7.Bb3 d6 8.c3 O-O
9.h3 Bb7 10.d4 Re8 11.Ng5 Rf8 12.Nf3 Re8 13.Nbd2 Bf8 14.Bc2 Nb8 15.dxe5 dxe5
16.Nh2 Nbd7 17.Qf3 c5 18.Ndf1 Qb6 19.Bg5 h6 20.Bh4 Qc6 21.Rad1 g6 22.Re2 Nh5
23.Red2 Ndf6 24.Ne3 Be7 25.Nhg4 Nxg4 26.Nxg4 Bxh4 27.Rd6 Qc8 28.Nxh6+ Kh8
29.Nxf7+ Kg7 30.Rd7 Re7 31.Nxe5 Qe8 32.Qg4 Bc8 33.R1d6 Bxd7 34.Rxg6+ Kh8
35.Rh6+ Rh7 36.Rxh7+ Kxh7 37.Nxd7 Ra7 38.e5+ Kh8 39.e6  0-1

[Event "Vrsac"]
[Site "Vrsac"]
[Date "1985.??.??"]
[Round "?"]
[White "Matulovic, Milan"]
[Black "Rukavina, Josip"]
[Result "1-0"]
[WhiteElo "2435"]
[BlackElo "2470"]

1.e4 e5 2.Nf3 Nc6 3.Bb5 a6 4.Ba4 Nf6 5.O-O Be7 6.Re1 b5 7.Bb3 d6 8.c3 O-O
9.h3 Bb7 10.d4 Re8 11.Nbd2 h6 12.Nf1 Bf8 13.Ng3 Na5 14.Bc2 Nc4 15.a4 Nb6
16.b3 g6 17.dxe5 dxe5 18.Qe2 c6 19.Be3 Qc7 20.Red1 Bc8 21.Rdc1 Rb8 22.axb5 axb5
23.Ra2 Be6 24.Rca1 Nc8 25.Qd2 g5 26.h4 gxh4 27.Bxh6 Bxh6 28.Qxh6 hxg3 29.Qg5+ Kf8
30.Qxf6 gxf2+ 31.Kxf2 Qd8 32.Qh8+ Ke7 33.Qxe5 Rg8 34.Qxb8  1-0

[Event "Zagreb"]
[Site "Zagreb"]
[Date "1985.??.??"]
[Round "?"]
[White "Popovic, Petar"]
[Black "Smejkal, Jan"]
[Result "1-0"]
[WhiteElo "2540"]
[BlackElo "2555"]

1.e4 e5 2.Nf3 Nc6 3.Bb5 a6 4.Ba4 Nf6 5.O-O Be7 6.Re1 b5 7.Bb3 d6 8.c3 O-O
9.h3 Bb7 10.d4 Re8 11.Nbd2 Bf8 12.a4 Qd7 13.axb5 axb5 14.Rxa8 Bxa8 15.d5 Ne7
16.c4 Rb8 17.Re3 c6 18.dxc6 Nxc6 19.cxb5 Nd4 20.Bc4 Nxb5 21.b3 Qa7 22.Bb2 h6
23.Re1 Bc6 24.Nh2 Nd4 25.Ng4 Nxg4 26.hxg4 Ne6 27.Qc2 Qb7 28.Bc3 Be7 29.b4 Qb6
30.Qb3 Bh4 31.Rf1 Kh8 32.Nf3 Bf6 33.Re1 Nd4 34.Nxd4 exd4 35.Bd2 Qb7 36.Bxf7 Bxe4
37.f3 Bc2 38.Qe6 Qc7 39.g5 Be5 40.gxh6 Rf8 41.hxg7+ Kxg7 42.Bh6+  1-0